South Asia post 9/11 : (Record no. 16399)

000 -LEADER
fixed length control field 01324cam a2200349 a 4500
001 - CONTROL NUMBER
control field 13525651
005 - DATE AND TIME OF LATEST TRANSACTION
control field 20170105102939.0
008 - FIXED-LENGTH DATA ELEMENTS--GENERAL INFORMATION
fixed length control field 040114s2003 ii b 101 0 eng
010 ## - LIBRARY OF CONGRESS CONTROL NUMBER
LC control number 2003322742
020 ## - INTERNATIONAL STANDARD BOOK NUMBER
Canceled/invalid ISBN 812910220X
025 ## - OVERSEAS ACQUISITION NUMBER
Overseas acquisition number I-E-2003-322742; 63-08
035 ## - SYSTEM CONTROL NUMBER
System control number (DLC) 2003322742
037 ## - SOURCE OF ACQUISITION
Source of stock number/acquisition Library of Congress -- New Delhi Overseas Office
040 ## - CATALOGING SOURCE
Original cataloging agency DLC
Transcribing agency DLC
Modifying agency DLC
042 ## - AUTHENTICATION CODE
Authentication code lcode
043 ## - GEOGRAPHIC AREA CODE
Geographic area code az-----
050 00 - LIBRARY OF CONGRESS CALL NUMBER
Classification number HV6433.S64
Item number S69 2003
082 ## - DEWEY DECIMAL CLASSIFICATION NUMBER
Classification number 363.320954
Author Mark SOU 2003
245 00 - TITLE STATEMENT
Title South Asia post 9/11 :
Remainder of title searching for stability.
260 ## - PUBLICATION, DISTRIBUTION, ETC.
Place of publication, distribution, etc. New Delhi :
Name of publisher, distributor, etc. Rupa & Co. in association with Observer Research Foundation, New Delhi, Rosa Luxemburg Foundation, Berlin,
Date of publication, distribution, etc. 2003.
300 ## - PHYSICAL DESCRIPTION
Extent x, 187 p. ;
Dimensions 23 cm.
504 ## - BIBLIOGRAPHY, ETC. NOTE
Bibliography, etc. note Includes bibliographical references and index.
520 ## - SUMMARY, ETC.
Summary, etc. Papers presented at international conference held on February 20-21, 2003 at New Delhi.
650 #0 - SUBJECT ADDED ENTRY--TOPICAL TERM
Topical term or geographic name entry element Terrorism
Geographic subdivision South Asia
Form subdivision Congresses.
650 #0 - SUBJECT ADDED ENTRY--TOPICAL TERM
Topical term or geographic name entry element Religious pluralism
Geographic subdivision South Asia
Form subdivision Congresses.
710 2# - ADDED ENTRY--CORPORATE NAME
Corporate name or jurisdiction name as entry element Observer Research Foundation.
710 2# - ADDED ENTRY--CORPORATE NAME
Corporate name or jurisdiction name as entry element Rosa-Luxemburg-Stiftung.
856 41 - ELECTRONIC LOCATION AND ACCESS
Materials specified Table of contents only
Uniform Resource Identifier <a href="http://www.loc.gov/catdir/toc/fy0713/2003322742.html">http://www.loc.gov/catdir/toc/fy0713/2003322742.html</a>
906 ## - LOCAL DATA ELEMENT F, LDF (RLIN)
a 7
b cbc
c origode
d 3
e ncip
f 20
g y-gencatlg
942 ## - ADDED ENTRY ELEMENTS (KOHA)
Source of classification or shelving scheme
Koha item type Book
Holdings
Withdrawn status Lost status Damaged status Not for loan Collection code Permanent Location Current Location Shelving location Date acquired Total Checkouts Full call number Barcode Date last seen Price effective from Koha item type
          Centre for International Peace & Stability (CIPS) Centre for International Peace & Stability (CIPS) General Stacks 04/21/2016   363.320954 SOU 2003 CIPSD0000426 04/21/2016 04/21/2016 Book
© 2023 Central Library, National University of Sciences and Technology. All Rights Reserved.